Antisense regulation of the rice waxy gene expression using a PCR-amplified fragment of the rice genome reduces the amylose content in grain starch (Record no. 54332)

MARC details
000 -LEADER
fixed length control field 00566nam a2200181Ia 4500
100 ## - MAIN ENTRY--AUTHOR NAME
Personal name Shimada H
245 #0 - TITLE STATEMENT
Title Antisense regulation of the rice waxy gene expression using a PCR-amplified fragment of the rice genome reduces the amylose content in grain starch
260 ## - PUBLICATION, DISTRIBUTION, ETC. (IMPRINT)
Name of publisher Theoretical and Applied Genetics
Year of publication 1993
300 ## - PHYSICAL DESCRIPTION
Number of Pages 665-672
650 ## - SUBJECT ADDED ENTRY--TOPICAL TERM
Topical Term Amylose
650 ## - SUBJECT ADDED ENTRY--TOPICAL TERM
Topical Term Antisense regulation
650 ## - SUBJECT ADDED ENTRY--TOPICAL TERM
Topical Term Grain starch
650 ## - SUBJECT ADDED ENTRY--TOPICAL TERM
Topical Term PCR
650 ## - SUBJECT ADDED ENTRY--TOPICAL TERM
Topical Term Transgenic rice
650 ## - SUBJECT ADDED ENTRY--TOPICAL TERM
Topical Term Waxy
942 ## - ADDED ENTRY ELEMENTS (KOHA)
Koha item type Journals
Holdings
Withdrawn status Lost status Damaged status Not for loan Home library Current library Shelving location Date acquired Serial Enumeration / chronology Koha item type
      Journals RRII Library RRII Library Biotechnology 17/12/2021 Volume 86, Issue 6 Journals